[Event "Abaza op"]
[Site "Abaza"]
[Date "2009.07.23"]
[Round "7"]
[White "Mokhov, Leonid"]
[Black "Alimov, Alexander"]
[Result "1-0"]
[WhiteElo "2161"]
[BlackElo "2024"]
[PlyCount "69"]
[EventDate "2009.07.17"]
[EventType "swiss"]
[EventRounds "9"]
[EventCountry "RUS"]
[SourceTitle "EXT 2012"]
[Source "ChessBase"]
[SourceDate "2011.11.24"]
[SourceVersion "1"]
[SourceVersionDate "2011.11.24"]
[SourceQuality "1"]

1. d4 Nf6 2. c4 g6 3. Nc3 Bg7 4. e4 d6 5. Be2 0-0 6. h4 h5 7. f3 Nc6 8. d5 Ne5 9. Nh3 c5 10. Nf2 a6 11. a4 Rb8 12. Bf4 Qc7 13. Qd2 Kh7 14. Bg5 Re8 15. Kf1 Qa5 16. Ncd1 Qxd2 17. Bxd2 Bh6 18. Bg5 Kg7 19. Ra3 a5 20. Rc3 Nh7 21. f4 Bxg5 22. hxg5 Nd7 23. g4 hxg4 24. Bxg4 Nb6 25. Rch3 Nf8 26. b3 Bxg4 27. Nxg4 Nbd7 28. e5 Ra8 29. Ndf2 f5 30. gxf6+ exf6 31. e6 Nb6 32. Rh8 Re7 33. f5 gxf5 34. Ne3 Rae8 35. Nxf5+ 1-0

[Event "Sibiria Region-ch"]
[Site "Irkutsk"]
[Date "2009.05.14"]
[Round "7"]
[White "Mokhov, Leonid"]
[Black "Loskutov, Oleg"]
[Result "0-1"]
[WhiteElo "2161"]
[BlackElo "2463"]
[PlyCount "74"]
[EventDate "2009.05.10"]
[EventType "swiss"]
[EventRounds "9"]
[EventCountry "RUS"]
[SourceTitle "CBM 130 Extra"]
[Source "ChessBase"]
[SourceDate "2009.07.02"]
[SourceVersion "2"]
[SourceVersionDate "2009.07.15"]
[SourceQuality "1"]

1. d4 Nf6 2. c4 g6 3. g3 Bg7 4. Bg2 0-0 5. Nc3 d6 6. Nf3 Nbd7 7. 0-0 e5 8. e3 Re8 9. Re1 c6 10. b3 Qa5 11. Bb2 Nf8 12. h3 e4 13. Nd2 d5 14. a3 h5 15. Rc1 Bf5 16. cxd5 cxd5 17. b4 Qd8 18. Qe2 Ne6 19. Kh2 Bf8 20. Rh1 Bd6 21. Kg1 a6 22. Na4 b6 23. Qd1 Ng5 24. Rc6 Bc7 25. Qc1 Rc8 26. Bf1 Bd7 27. Bxa6 Bxc6 28. Qxc6 Ra8 29. Bb5 Nf3+ 30. Nxf3 exf3 31. Qc2 Re6 32. Qd1 Ng4 33. Qxf3 Rf6 34. Qg2 Rxf2 35. Qxf2 Nxf2 36. Kxf2 Qg5 37. Rg1 Qf5+ 0-1

[Event "Abaza op"]
[Site "Abaza"]
[Date "2008.07.20"]
[Round "5"]
[White "Mokhov, Leonid"]
[Black "Durasov, Viacheslav"]
[Result "1/2-1/2"]
[WhiteElo "2149"]
[BlackElo "2225"]
[PlyCount "32"]
[EventDate "2008.07.20"]
[EventType "swiss"]
[EventRounds "9"]
[EventCountry "RUS"]
[SourceTitle "EXT 2022"]
[Source "ChessBase"]
[SourceDate "2021.10.06"]
[SourceVersion "1"]
[SourceVersionDate "2021.10.06"]
[SourceQuality "1"]

1. d4 d5 2. g3 e6 3. Bg2 f5 4. Nh3 Nf6 5. 0-0 Be7 6. Nf4 0-0 7. Nd2 c5 8. e3 Nc6 9. Nf3 Ne4 10. Nd3 c4 11. Nde5 Bf6 12. Nxc6 bxc6 13. c3 Bd7 14. Nd2 Nxd2 15. Bxd2 Qb6 16. b4 cxb3 1/2-1/2

[Event "Abaza op"]
[Site "Abaza"]
[Date "2008.07.20"]
[Round "3"]
[White "Mokhov, Leonid"]
[Black "Malyshev, Sergey"]
[Result "0-1"]
[WhiteElo "2149"]
[BlackElo "2259"]
[PlyCount "106"]
[EventDate "2008.07.20"]
[EventType "swiss"]
[EventRounds "9"]
[EventCountry "RUS"]
[SourceTitle "EXT 2022"]
[Source "ChessBase"]
[SourceDate "2021.10.06"]
[SourceVersion "1"]
[SourceVersionDate "2021.10.06"]
[SourceQuality "1"]

1. Nf3 Nf6 2. d4 e6 3. c4 Bb4+ 4. Bd2 Qe7 5. a3 Bxd2+ 6. Qxd2 d6 7. Nc3 e5 8. dxe5 dxe5 9. Qg5 Nc6 10. Nd5 Nxd5 11. cxd5 Qxg5 12. Nxg5 Ne7 13. e4 f6 14. Nf3 Bd7 15. Bc4 Nc8 16. Rc1 Nd6 17. Bd3 c6 18. dxc6 Bxc6 19. Nd2 0-0-0 20. Nc4 Nxc4 21. Bxc4 Kb8 22. f3 Rd4 23. 0-0 Rhd8 24. Rf2 a5 25. g4 Ka7 26. Kg2 Kb6 27. Kg3 g5 28. h4 h6 29. hxg5 hxg5 30. Rcc2 Rd1 31. Rf1 Ba4 32. Rxd1 Rxd1 33. b3 Bc6 34. Rc3 Rd2 35. Bd3 Ra2 36. a4 Ra3 37. Bc4 Bxa4 38. Rd3 Bc6 39. Rd6 Kc5 40. Rxf6 a4 41. Re6 axb3 42. Bxb3 Rxb3 43. Rxe5+ Kd4 44. Rxg5 Bxe4 45. Rg7 Rxf3+ 46. Kh4 b5 47. Rd7+ Bd5 48. Rd8 b4 49. Rb8 b3 50. g5 Kc3 51. g6 Rf1 52. Rc8+ Bc4 53. g7 Rg1 0-1

[Event "Sibiria Region-ch"]
[Site "Novokuznetsk"]
[Date "2008.03.21"]
[Round "9"]
[White "Mokhov, Leonid"]
[Black "Filimonov, Alexey"]
[Result "1-0"]
[WhiteElo "2130"]
[BlackElo "2260"]
[PlyCount "59"]
[EventDate "2008.03.13"]
[EventType "swiss"]
[EventRounds "9"]
[EventCountry "RUS"]
[SourceTitle "CBM 123 Extra"]
[Source "ChessBase"]
[SourceDate "2008.05.06"]
[SourceVersion "1"]
[SourceVersionDate "2008.05.06"]
[SourceQuality "1"]

1. d4 Nf6 2. c4 g6 3. g3 Bg7 4. Bg2 0-0 5. Nc3 d6 6. Nf3 c6 7. 0-0 Qa5 8. e4 e5 9. dxe5 dxe5 10. a3 Nbd7 11. Be3 Re8 12. b4 Qa6 13. c5 Qc4 14. Rc1 Qe6 15. h3 b5 16. Ng5 Qe7 17. Qd2 Nf8 18. Rfd1 Ne6 19. Nxe6 Bxe6 20. Qe1 a5 21. Rd6 Qb7 22. f4 axb4 23. axb4 Ra3 24. f5 Bc4 25. g4 Rc8 26. Rcd1 Ne8 27. Rd7 Rc7 28. Rd8 Ra8 29. Qh4 Bf6 30. Qxf6 1-0

[Event "Kyzyl op"]
[Site "Kyzyl"]
[Date "2007.01.24"]
[Round "9"]
[White "Sambursky, Vladimir"]
[Black "Mokhov, Leonid"]
[Result "1-0"]
[WhiteElo "2319"]
[BlackElo "2169"]
[PlyCount "91"]
[EventDate "2007.01.20"]
[EventType "swiss"]
[EventRounds "9"]
[EventCountry "RUS"]
[SourceTitle "EXT 2010"]
[Source "ChessBase"]
[SourceDate "2010.11.25"]
[SourceVersion "1"]
[SourceVersionDate "2010.11.25"]
[SourceQuality "1"]

1. e4 d6 2. d4 Nf6 3. Nc3 Nbd7 4. Nf3 e5 5. Be2 Be7 6. 0-0 0-0 7. d5 c6 8. Ne1 cxd5 9. exd5 a6 10. a4 Ne8 11. a5 f5 12. f4 e4 13. Be3 b5 14. axb6 Nxb6 15. Na4 Nxa4 16. Rxa4 Rb8 17. Ra2 Nc7 18. c4 Bf6 19. Bd4 Bxd4+ 20. Qxd4 Ne8 21. Nc2 Nf6 22. b4 Bb7 23. Ne3 Bc8 24. c5 Ne8 25. Bxa6 Ra8 26. Bc4 Rxa2 27. Bxa2 Ba6 28. Bc4 Bxc4 29. Nxc4 Qb8 30. Nb6 Rf7 31. c6 Re7 32. Re1 Qa7 33. Ra1 Qc7 34. Nd7 e3 35. b5 e2 36. Qf2 Nf6 37. b6 Qd8 38. Nxf6+ gxf6 39. b7 Kf7 40. h3 h5 41. Kh2 Re4 42. Ra8 Qc7 43. b8Q Qxb8 44. Rxb8 e1Q 45. Qxe1 Rxe1 46. c7 1-0